000 01507cam a2200409 a 4500
001 549204
003 OSt
005 20260623124037.0
008 880822s1989 caua b 000 0 eng
010 _a 88028288
020 _a0803934440
020 _a0803934386
_qpbk.
020 _a9780803934443
020 _a9780803934382
_q(pbk.)
035 _a549204
040 _aDLC
_cDLC
_dDLC
050 0 0 _aHD31
_b.M6278 1989
082 0 0 _a658.4
_219
100 1 _aMorgan, Gareth,
_d1943-
245 1 0 _aCreative organization theory :
_ba resourcebook /
_cGareth Morgan.
260 _aNewbury Park, Calif. :
_bSage Publications,
_cc1989.
300 _a369 p. :
_bill. ;
_c24 cm.
336 _atext
_btxt
_2rdacontent
337 _aunmediated
_bn
_2rdamedia
338 _avolume
_bnc
_2rdacarrier
504 _aIncludes bibliographies.
650 0 _aOrganization.
650 0 _aOrganizational behavior.
650 0 _aManagement.
856 4 2 _3Publisher description
_uhttp://www.loc.gov/catdir/enhancements/fy0655/88028288-d.html
856 4 1 _3Table of contents only
_uhttp://www.loc.gov/catdir/enhancements/fy0655/88028288-t.html
856 4 2 _3Contributor biographical information
_uhttp://www.loc.gov/catdir/enhancements/fy0734/88028288-b.html
906 _a7
_bcbc
_corignew
_d1
_eocip
_f19
_gy-gencatlg
942 _2lcc
_cBK
999 _c266449
_d266448